| 000 | 00397nam a2200157Ia 4500 | ||
|---|---|---|---|
| 005 | 20250321050940.0 | ||
| 008 | 240331s9999 xx 000 0 und d | ||
| 020 | _a955573402X | ||
| 082 |
_bJAY _a808 |
||
| 100 | _aJayakody,D | ||
| 245 | 0 | _aDasa baryawa | |
| 260 |
_aNugegoda _bSarsawi publication _c2005 |
||
| 300 | _a198 p ., | ||
| 500 | _aStory of the translation of stepford wives | ||
| 942 | _cL | ||
| 999 |
_c5163 _d5163 |
||